[Event "C.to Regionale Sicilia femminile"]
[Site "Erice ITA"]
[Date "2009.05.31"]
[Round "3"]
[White "Gueci, Laura"]
[Black "D'Eredita', Elena"]
[Result "1-0"]
[WhiteElo "1536"]
[BlackElo "1500"]
[PlyCount "111"]
[EventDate "2009.05.30"]

1. e4 e5 2. Nf3 Nc6 3. d4 exd4 4. Nxd4 Nxd4 5. Qxd4 Qe7 6. Nc3 Qc5 7. Qd3 Nf6
8. Be3 Qc6 9. a3 Be7 10. Be2 O-O 11. O-O a6 12. Rad1 d6 13. Bf3 Qd7 14. Rfe1
Ng4 15. Bf4 Re8 16. e5 Qf5 17. exd6 Qxd3 18. Rxd3 Bf5 19. Ne4 cxd6 20. h3 Ne5
21. Bxe5 dxe5 22. Rde3 h6 23. c3 Rab8 24. Ng3 Bd7 25. Rxe5 Kf8 26. Bg4 Bxg4 27.
hxg4 g6 28. R1e4 Rbd8 29. Re2 b6 30. f3 Rd1+ 31. Kh2 Rdd8 32. R5e3 Bd6 33.
Rxe8+ Rxe8 34. Rxe8+ Kxe8 35. Kh3 Bxg3 36. Kxg3 Ke7 37. Kf4 Ke6 38. g3 f6 39.
b3 Kd5 40. Ke3 a5 41. Kd3 b5 42. c4+ bxc4+ 43. bxc4+ Kc5 44. Kc3 a4 45. Kd3 Kd6
46. Kd4 h5 47. c5+ Kc6 48. gxh5 gxh5 49. f4 f5 50. Kc4 Kc7 51. Kd5 Kd7 52. c6+
Kc7 53. Kc5 Kc8 54. Kd6 Kd8 55. c7+ Kc8 56. Kc6 1-0

[Event "C.to Regionale Sicilia femminile"]
[Site "Erice ITA"]
[Date "2009.06.01"]
[Round "4"]
[White "Nocera, Alice"]
[Black "Gueci, Laura"]
[Result "0-1"]
[WhiteElo "1407"]
[BlackElo "1536"]
[PlyCount "48"]
[EventDate "2009.05.30"]

1. e4 c5 2. Nc3 d6 3. Bc4 Nf6 4. h3 e6 5. Nf3 Nbd7 6. d3 Be7 7. O-O a6 8. a4
O-O 9. Re1 Qc7 10. d4 cxd4 11. Qxd4 e5 12. Qe3 Qxc4 13. b3 Qc7 14. Rd1 Nb6 15.
a5 Nbd7 16. Nd5 Nxd5 17. Rxd5 Qxc2 18. Rd2 Qc6 19. Rda2 Nc5 20. Nd2 Be6 21. Rc2
Qb5 22. Ba3 Qd3 23. Bxc5 Qxc2 24. Rc1 Qxc1+ 0-1

[Event "C.to Regionale Sicilia femminile"]
[Site "Erice ITA"]
[Date "2009.06.01"]
[Round "4"]
[White "Schinelli, Carlotta"]
[Black "Galante, Carlotta"]
[Result "1-0"]
[WhiteElo "1374"]
[BlackElo "1374"]
[PlyCount "55"]
[EventDate "2009.05.30"]

1. e4 e5 2. Nf3 Nc6 3. Bc4 Nf6 4. Ng5 d5 5. exd5 Nxd5 6. d3 Bc5 7. Nd2 O-O 8.
Nde4 Bb6 9. O-O Na5 10. b3 Nxc4 11. bxc4 Nb4 12. Ba3 c5 13. Bxb4 cxb4 14. Rb1
a5 15. Qh5 h6 16. Nf3 Bc7 17. Nxe5 Bxe5 18. Qxe5 Re8 19. Qf4 b6 20. Rfe1 Bb7
21. Nd6 Rxe1+ 22. Rxe1 Qd7 23. Qe5 Bc8 24. Qe8+ Kh7 25. Qe4+ f5 26. Qxa8 Qxd6
27. Qxc8 g6 28. Qb7+ 1-0

[Event "C.to Regionale Sicilia femminile"]
[Site "Erice ITA"]
[Date "2009.06.01"]
[Round "5"]
[White "D'Eredita', Elena"]
[Black "Nocera, Alice"]
[Result "1-0"]
[WhiteElo "1500"]
[BlackElo "1407"]
[PlyCount "61"]
[EventDate "2009.05.30"]

1. e4 e6 2. Nf3 d5 3. exd5 exd5 4. d4 c5 5. dxc5 Bxc5 6. Qe2+ Ne7 7. Qb5+ Nd7
8. Be2 O-O 9. O-O a6 10. Qd3 Nf6 11. Be3 Bd6 12. Bg5 Ne4 13. Bxe7 Bxe7 14. c4
Nf6 15. cxd5 Nxd5 16. Nc3 Be6 17. Nxd5 Bxd5 18. Rfd1 Bxf3 19. Qxf3 Qb6 20. Rab1
Rac8 21. Bd3 Bf6 22. Be4 Bxb2 23. Qe2 Qb4 24. Rxb2 Qc4 25. Qxc4 Rxc4 26. Bxb7
Re8 27. Bxa6 Rce4 28. g3 f5 29. Rd7 h5 30. Rbb7 R4e7 31. Rxe7 1-0

[Event "C.to Regionale Sicilia femminile"]
[Site "Erice ITA"]
[Date "2009.06.01"]
[Round "5"]
[White "Galante, Carlotta"]
[Black "Gueci, Tea"]
[Result "0-1"]
[WhiteElo "1374"]
[BlackElo "1527"]
[PlyCount "82"]
[EventDate "2009.05.30"]

1. e4 c5 2. Nf3 d6 3. d4 cxd4 4. Nxd4 Nf6 5. Nc3 a6 6. Bc4 e6 7. O-O Be7 8. Bg5
O-O 9. Re1 Nxe4 10. Bxe7 Nxc3 11. Bxd8 Nxd1 12. Raxd1 Rxd8 13. a3 Nc6 14. b4
Nxd4 15. Rxd4 b5 16. Bb3 Bb7 17. Red1 d5 18. c4 e5 19. R4d2 bxc4 20. Bxc4 d4
21. g3 Rac8 22. Bb3 Rc3 23. Rd3 Rdc8 24. Kf1 Rxd3 25. Rxd3 Rc1+ 26. Bd1 Bc6 27.
f4 Bb5 28. Ke2 Bxd3+ 29. Kxd3 Rxd1+ 30. Ke4 exf4 31. gxf4 d3 32. Ke3 Kf8 33. a4
Ke7 34. b5 axb5 35. axb5 Kd6 36. h4 Kc5 37. f5 Kxb5 38. h5 Kc4 39. Kf2 Kc3 40.
Ke3 d2 41. Ke2 Re1+ 0-1

[Event "C.to Regionale Sicilia femminile"]
[Site "Erice ITA"]
[Date "2009.06.01"]
[Round "5"]
[White "Gueci, Laura"]
[Black "Schinelli, Carlotta"]
[Result "1/2-1/2"]
[WhiteElo "1536"]
[BlackElo "1374"]
[PlyCount "107"]
[EventDate "2009.05.30"]

1. e4 c5 2. Nf3 d6 3. d4 cxd4 4. Nxd4 Nf6 5. Nc3 a6 6. Bc4 b5 7. Bb3 Bb7 8. f3
e6 9. Bg5 Be7 10. Bxe6 fxe6 11. Nxe6 Qd7 12. Nxg7+ Kf8 13. Nf5 Rg8 14. Qd2 Nc6
15. O-O-O Rd8 16. Nd5 Rg6 17. h4 h5 18. Qc3 Qe6 19. Rhe1 a5 20. Kb1 b4 21. Qe3
Nxd5 22. exd5 Qxe3 23. Rxe3 Bxg5 24. hxg5 Na7 25. Re7 Rb8 26. Rde1 Nb5 27. Nh6
Bxd5 28. f4 Rc8 29. R1e2 Nd4 30. Re1 Nxc2 31. R1e2 Nd4 32. R2e3 Nc6 33. Rh7 Nd4
34. Rh8+ Bg8 35. Nxg8 Rxg8 36. Rxh5 Rg7 37. Rh8+ Rg8 38. Rxg8+ Kxg8 39. Re1 Rf8
40. Re4 Nb5 41. Kc2 d5 42. Re5 Nc7 43. g3 Rd8 44. Kd3 Nb5 45. g4 Kf7 46. f5 Nc7
47. Kd4 Rg8 48. f6 Ne6+ 49. Kxd5 Rxg5 50. Kd6 Rxe5 51. Kxe5 Ng5 52. Kf5 Ne6 53.
g5 Nf8 54. Ke5 1/2-1/2

[Event "C.to Regionale Sicilia femminile"]
[Site "Erice ITA"]
[Date "2009.06.02"]
[Round "6"]
[White "Gueci, Tea"]
[Black "Gueci, Laura"]
[Result "1/2-1/2"]
[WhiteElo "1527"]
[BlackElo "1536"]
[PlyCount "29"]
[EventDate "2009.05.30"]

1. d4 d5 2. c4 c6 3. Nf3 Nf6 4. Nc3 e6 5. Bg5 dxc4 6. e4 b5 7. e5 h6 8. Bh4 g5
9. Nxg5 hxg5 10. Bxg5 Nbd7 11. exf6 Bb7 12. g3 c5 13. d5 Qb6 14. Bg2 O-O-O 15.
O-O 1/2-1/2

[Event "C.to Regionale Sicilia femminile"]
[Site "Erice ITA"]
[Date "2009.06.02"]
[Round "6"]
[White "Schinelli, Carlotta"]
[Black "D'Eredita', Elena"]
[Result "0-1"]
[WhiteElo "1374"]
[BlackElo "1500"]
[PlyCount "112"]
[EventDate "2009.05.30"]

1. e4 e5 2. Nf3 Nc6 3. Bc4 h6 4. Nc3 Nf6 5. O-O Bc5 6. d3 O-O 7. Be3 Bb4 8. a3
Bxc3 9. bxc3 d5 10. exd5 Nxd5 11. Bxd5 Qxd5 12. d4 exd4 13. cxd4 Bg4 14. Rb1
Bxf3 15. Qxf3 Qxf3 16. gxf3 b6 17. Rbd1 Rfe8 18. Bf4 Rad8 19. c3 Re7 20. Rfe1
Red7 21. Be3 Na5 22. a4 c5 23. Re2 cxd4 24. cxd4 Nb3 25. Rc2 Nxd4 26. Bxd4 Rxd4
27. Rxd4 Rxd4 28. Rc8+ Kh7 29. Rc7 Rxa4 30. Rxf7 b5 31. Rb7 a6 32. f4 Rxf4 33.
Rb6 Rf6 34. Rb7 h5 35. Kf1 Kh6 36. Ke1 Rd6 37. Ra7 Rb6 38. Kd2 b4 39. Kc2 g6
40. Kb3 Kg5 41. Ra8 Kh4 42. Rd8 g5 43. Rd4+ g4 44. Rxb4 Rxb4+ 45. Kxb4 Kh3 46.
Kc3 Kg2 47. Kd3 Kxf2 48. Ke4 Kg2 49. Ke3 Kxh2 50. Kf2 g3+ 51. Kf3 g2 52. Ke4
g1=R 53. Kd5 a5 54. Kc4 a4 55. Kb4 h4 56. Kxa4 Rb1 0-1

[Event "C.to Regionale Sicilia femminile"]
[Site "Erice ITA"]
[Date "2009.06.02"]
[Round "7"]
[White "D'Eredita', Elena"]
[Black "Gueci, Tea"]
[Result "1-0"]
[WhiteElo "1500"]
[BlackElo "1527"]
[PlyCount "93"]
[EventDate "2009.05.30"]

1. e4 c5 2. Nf3 d6 3. Bb5+ Bd7 4. Bxd7+ Nxd7 5. d4 cxd4 6. Nxd4 Ngf6 7. Nc3 a6
8. Be3 e5 9. Nf5 Nc5 10. Bxc5 dxc5 11. Qxd8+ Rxd8 12. O-O g6 13. Ne3 Bg7 14.
Rad1 Rd4 15. f3 O-O 16. Rd3 Rfd8 17. Rfd1 Bh6 18. Nc4 Rxd3 19. Rxd3 Rxd3 20.
cxd3 Bc1 21. Ne2 Bf4 22. g3 b5 23. gxf4 bxc4 24. fxe5 cxd3 25. exf6 dxe2 26.
Kf2 Kf8 27. Kxe2 Ke8 28. Kd3 Kd7 29. Kc4 Kd6 30. f4 a5 31. h4 a4 32. Kb5 a3 33.
bxa3 h6 34. a4 h5 35. a5 c4 36. Kxc4 Kc6 37. a3 Kb7 38. Kc5 Kc7 39. a4 Kb7 40.
Kd6 Ka6 41. Ke7 g5 42. fxg5 Kxa5 43. Kxf7 Kxa4 44. Kg6 Kb5 45. f7 Kc4 46. f8=Q
Kd4 47. e5 1-0

[Event "C.to Regionale Sicilia femminile"]
[Site "Erice ITA"]
[Date "2009.06.02"]
[Round "7"]
[White "Nocera, Alice"]
[Black "Schinelli, Carlotta"]
[Result "0-1"]
[WhiteElo "1407"]
[BlackElo "1374"]
[PlyCount "71"]
[EventDate "2009.05.30"]

1. e4 c5 2. Nf3 d6 3. d4 cxd4 4. Nxd4 Nf6 5. Nc3 a6 6. Be3 b5 7. f3 e5 8. Nb3
Be7 9. Qd2 h6 10. h3 Be6 11. Nd5 Nxd5 12. exd5 Bh4+ 13. Bf2 Bxf2+ 14. Qxf2 Bxd5
15. Nd2 O-O 16. b3 Nc6 17. f4 Qe7 18. O-O-O Nb4 19. Kb1 Rac8 20. Rc1 f6 21. c3
Nc6 22. b4 Be6 23. Bd3 Qf7 24. Rc2 f5 25. g4 fxg4 26. hxg4 Qxf4 27. Qxf4 Rxf4
28. g5 Bf5 29. Bxf5 Rxf5 30. g6 Rf6 31. c4 Rxg6 32. c5 d5 33. Nb3 Nxb4 34. Rc3
Rg2 35. Nc1 d4 36. Ra3 0-1

[Event "VI Open A"]
[Site "Viterbo ITA"]
[Date "2009.05.30"]
[Round "1"]
[White "Almadori, Giovanni"]
[Black "Faini, Marco"]
[Result "1/2-1/2"]
[WhiteElo "1401"]
[BlackElo "1915"]
[PlyCount "49"]
[EventDate "2009.05.30"]

1. Nf3 Nf6 2. g3 g6 3. Bg2 Bg7 4. O-O d6 5. d4 c6 6. Bf4 Nbd7 7. Qd2 Qc7 8. Bh6
O-O 9. Bxg7 Kxg7 10. Re1 Rd8 11. e4 e5 12. c4 b6 13. Nc3 a6 14. Rac1 Bb7 15. b4
a5 16. b5 c5 17. dxe5 Nxe5 18. Nxe5 dxe5 19. Nd5 Bxd5 20. exd5 Qd6 21. Qc3 Nd7
22. f4 f6 23. Bh3 exf4 24. Re6 Qf8 25. Rce1 1/2-1/2

[Event "VI Open A"]
[Site "Viterbo ITA"]
[Date "2009.05.30"]
[Round "1"]
[White "Blonna, Michele"]
[Black "Pitrelli, Antonio"]
[Result "1/2-1/2"]
[WhiteElo "2012"]
[BlackElo "1802"]
[PlyCount "71"]
[EventDate "2009.05.30"]

1. e4 e6 2. d4 d5 3. e5 c5 4. c3 Nc6 5. Nf3 Qb6 6. a3 Nh6 7. b4 cxd4 8. cxd4
Nf5 9. Bb2 Be7 10. Bd3 a5 11. Bxf5 exf5 12. Qb3 axb4 13. O-O O-O 14. Nc3 Na5
15. Nxd5 Nxb3 16. Nxb6 Nxa1 17. Nxa8 Be6 18. Nb6 Nb3 19. d5 bxa3 20. Bc3 Bc5
21. dxe6 Bxb6 22. Rb1 Rc8 23. Rxb3 a2 24. Ra3 fxe6 25. Bd2 Rc2 26. Kf1 g5 27.
Ke2 Bc5 28. Ra8+ Kg7 29. Kd3 Rb2 30. Kc3 Rb6 31. Rxa2 g4 32. Nd4 h5 33. Be3 Kf7
34. Rb2 Rxb2 35. Kxb2 f4 36. Nc2 1/2-1/2

[Event "VI Open A"]
[Site "Viterbo ITA"]
[Date "2009.05.30"]
[Round "1"]
[White "Bogosaljevic, Miodrag"]
[Black "Mecali, Antonello"]
[Result "1-0"]
[WhiteElo "2030"]
[BlackElo "1815"]
[PlyCount "67"]
[EventDate "2009.05.30"]

1. d4 c5 2. d5 Nf6 3. c4 b5 4. cxb5 a6 5. bxa6 Bxa6 6. Nc3 d6 7. Nf3 g6 8. g3
Bg7 9. e4 Bxf1 10. Kxf1 O-O 11. Kg2 Nbd7 12. h3 Qb8 13. Re1 h6 14. Re2 Kh7 15.
Qe1 Ne8 16. Bf4 g5 17. Be3 Ne5 18. Nxe5 Bxe5 19. f4 gxf4 20. gxf4 Rg8+ 21. Kh1
Bxc3 22. Qxc3 Nf6 23. Qd3 Rg6 24. e5 dxe5 25. Bxc5 e4 26. Qe3 Qc7 27. Bd4 Nxd5
28. Qxe4 Nxf4 29. Be5 Qd7 30. Bxf4 Qxh3+ 31. Rh2 Qg4 32. Rxh6+ Kg7 33. Rxg6+
fxg6 34. Be5+ 1-0

[Event "VI Open A"]
[Site "Viterbo ITA"]
[Date "2009.05.30"]
[Round "1"]
[White "Calandri, Fausto"]
[Black "Biondi, Massimo"]
[Result "1/2-1/2"]
[WhiteElo "2149"]
[BlackElo "1853"]
[PlyCount "116"]
[EventDate "2009.05.30"]

1. e4 c5 2. Nf3 d6 3. d4 cxd4 4. Nxd4 Nf6 5. Nc3 a6 6. Be2 e5 7. Nb3 Be6 8. O-O
Be7 9. Be3 Nbd7 10. a4 Rc8 11. a5 Qc7 12. Qd2 O-O 13. Rfc1 Qc6 14. Bf3 Rfd8 15.
Qe2 d5 16. exd5 Nxd5 17. Nxd5 Bxd5 18. Bxd5 Qxd5 19. Rd1 Qc6 20. Rd2 f5 21.
Rad1 Nf6 22. Bg5 Rxd2 23. Rxd2 Qc7 24. Qd1 Rd8 25. Rxd8+ Bxd8 26. Bxf6 gxf6 27.
Qd5+ Kg7 28. c3 Be7 29. h4 Qc8 30. Kf1 Qc7 31. Ke2 b6 32. axb6 Qxb6 33. Kf1 a5
34. Qd7 Kf8 35. Qc8+ Kf7 36. Qc4+ Kg7 37. Kg1 f4 38. Qa4 f5 39. Nxa5 Bxh4 40.
Qd7+ Kg8 41. Qc8+ Kg7 42. Qb7+ Qxb7 43. Nxb7 Kf7 44. c4 Ke7 45. c5 Kd7 46. Nd6
Be7 47. Nf7 Ke6 48. c6 e4 49. Kf1 Bd6 50. Ng5+ Kd5 51. Nxh7 Kxc6 52. Ng5 Be5
53. b3 Kb5 54. Nf7 Bc7 55. Nh6 Kb4 56. Nxf5 Kxb3 57. g3 fxg3 58. Nxg3 e3
1/2-1/2

[Event "VI Open A"]
[Site "Viterbo ITA"]
[Date "2009.05.30"]
[Round "1"]
[White "Calavalle, Giulio"]
[Black "Stoja, Rocco"]
[Result "1-0"]
[WhiteElo "2235"]
[BlackElo "1864"]
[PlyCount "23"]
[EventDate "2009.05.30"]

1. e4 g6 2. Bc4 e6 3. Nc3 c6 4. Qe2 Ne7 5. e5 d5 6. exd6 Qxd6 7. Ne4 Qe5 8. Nf3
Qc7 9. Nf6+ Kd8 10. d4 Nd5 11. Bg5 Nxf6 12. Bxf6+ 1-0

[Event "VI Open A"]
[Site "Viterbo ITA"]
[Date "2009.05.30"]
[Round "1"]
[White "Caleffi, Cesare"]
[Black "Faini, Ivano"]
[Result "1-0"]
[WhiteElo "2003"]
[BlackElo "1706"]
[PlyCount "93"]
[EventDate "2009.05.30"]

1. d4 e5 2. dxe5 Nc6 3. Nf3 Qe7 4. Qd5 f6 5. exf6 Nxf6 6. Qb3 d5 7. c3 Na5 8.
Qb5+ Nc6 9. Bg5 a6 10. Qb3 Na5 11. Qa4+ Nc6 12. e3 Bd7 13. Qc2 h6 14. Qg6+ Qf7
15. Qxf7+ Kxf7 16. Bf4 Bd6 17. Bxd6 cxd6 18. Nbd2 Bf5 19. Be2 Rhe8 20. O-O b5
21. a4 b4 22. Rac1 a5 23. Bb5 Rec8 24. Bxc6 Rxc6 25. Nd4 bxc3 26. bxc3 Bd7 27.
Nxc6 Bxc6 28. Ra1 Bb7 29. Rfb1 Ba6 30. Rb6 Ke6 31. f3 Nd7 32. Rc6 Bd3 33. Nb3
g6 34. Nd4+ Ke7 35. Nb5 Bxb5 36. axb5 Nc5 37. b6 Kd7 38. Rc7+ Kd8 39. Ra7 Rb8
40. R1xa5 Rxb6 41. Rh7 Na6 42. Rxd5 Nc5 43. e4 Ke8 44. e5 dxe5 45. Rxc5 Kd8 46.
Rxe5 g5 47. Ra5 1-0

[Event "VI Open A"]
[Site "Viterbo ITA"]
[Date "2009.05.30"]
[Round "1"]
[White "Campomori, Bruno"]
[Black "Tirri, Valerio"]
[Result "1-0"]
[WhiteElo "1978"]
[BlackElo "1682"]
[PlyCount "62"]
[EventDate "2009.05.30"]

1. e4 c5 2. Nf3 Nc6 3. d4 cxd4 4. Nxd4 d6 5. Nc3 Nf6 6. Be2 Bd7 7. O-O e6 8.
Ndb5 Qb8 9. Be3 a6 10. Nd4 Be7 11. Qd2 b5 12. a3 O-O 13. f4 Nxd4 14. Qxd4 e5
15. Qd3 Bc6 16. b4 Qb7 17. Bf3 Rfd8 18. Nd5 Bxd5 19. exd5 Rac8 20. Rad1 exf4
21. Bxf4 Rc4 22. Bg5 Rdc8 23. Rfe1 Qb6+ 24. Kh1 Qd8 25. Qf5 g6 26. Qd3 Rc3 27.
Qe2 R8c7 28. Rc1 Rxa3 29. Be3 Rcc3 30. Bd4 Rc4 31. c3 31... Bf8 {...} 1-0

[Event "VI Open A"]
[Site "Viterbo ITA"]
[Date "2009.05.30"]
[Round "1"]
[White "Collutiis, Duilio"]
[Black "Arabito, Giuseppe"]
[Result "1-0"]
[WhiteElo "2451"]
[BlackElo "1901"]
[PlyCount "59"]
[EventDate "2009.05.30"]

1. e4 e5 2. Nf3 Nc6 3. Bb5 a6 4. Ba4 Nf6 5. Qe2 d6 6. O-O Be7 7. Bxc6+ bxc6 8.
d4 Nd7 9. dxe5 dxe5 10. Rd1 Bf6 11. Nbd2 O-O 12. Nc4 Qe7 13. b3 Re8 14. Ba3 Qe6
15. Qe3 a5 16. Nb2 Ba6 17. Ne1 Be7 18. Bxe7 Qxe7 19. Qc3 Qc5 20. Qg3 Nf6 21.
Na4 Qe7 22. Qe3 Nd7 23. Rd2 Bb5 24. Rad1 Rad8 25. Nb2 c5 26. a4 Ba6 27. Qc3 Bb7
28. f3 Bc6 29. Qxa5 f5 30. Qxc7 1-0

[Event "VI Open A"]
[Site "Viterbo ITA"]
[Date "2009.05.30"]
[Round "1"]
[White "De Caro, Nicola"]
[Black "Medori, Marco"]
[Result "1/2-1/2"]
[WhiteElo "1656"]
[BlackElo "1965"]
[PlyCount "93"]
[EventDate "2009.05.30"]

1. d4 Nf6 2. c4 g6 3. Nc3 Bg7 4. e4 O-O 5. Be2 d6 6. Nf3 Nc6 7. O-O e5 8. d5
Ne7 9. Ne1 Nd7 10. Be3 f5 11. f3 b6 12. a4 f4 13. Bf2 a5 14. Nd3 g5 15. g4 fxg3
16. hxg3 Nf6 17. Kg2 Ng6 18. Rh1 h5 19. Be3 g4 20. Bg5 Qe8 21. Rc1 gxf3+ 22.
Bxf3 Ng4 23. Qe2 Nh8 24. Rcf1 Qg6 25. Bxg4 Bxg4 26. Qe3 Nf7 27. Bh4 Bh6 28. Qe1
Bg5 29. Nf2 Nh6 30. Nxg4 Nxg4 31. Bxg5 Qxg5 32. Nd1 Kg7 33. Qe2 Rxf1 34. Rxf1
Rf8 35. Rxf8 Kxf8 36. Qf3+ Ke7 37. Kh3 Qd2 38. Kh4 Qh6 39. Qf5 Nf6 40. Ne3 Nh7
41. Qxh5 Qxh5+ 42. Kxh5 Nf6+ 43. Kh6 Nxe4 44. g4 Kf6 45. Kh5 Ng3+ 46. Kh4 Ne4
47. Kh5 1/2-1/2

[Event "VI Open A"]
[Site "Viterbo ITA"]
[Date "2009.05.30"]
[Round "1"]
[White "Isonzo, David"]
[Black "Maggi, Luigi"]
[Result "1-0"]
[WhiteElo "2367"]
[BlackElo "1876"]
[PlyCount "57"]
[EventDate "2009.05.30"]

1. e4 e6 2. d4 d5 3. Nc3 Bb4 4. e5 c5 5. a3 Bxc3+ 6. bxc3 Ne7 7. a4 Nbc6 8. Nf3
Qa5 9. Bd2 Bd7 10. Bb5 f6 11. O-O fxe5 12. c4 Qc7 13. cxd5 Nxd5 14. c4 Nde7 15.
d5 exd5 16. cxd5 Nd4 17. Nxd4 cxd4 18. Rc1 Qd6 19. Bxd7+ Qxd7 20. Qh5+ Ng6 21.
Bb4 a5 22. Ba3 Qxa4 23. Qf3 Qd7 24. Rfe1 Rd8 25. Qh5 Qxd5 26. Rc7 Rd7 27. Rc8+
Rd8 28. Rc5 d3 29. Rxe5+ 1-0

[Event "VI Open A"]
[Site "Viterbo ITA"]
[Date "2009.05.30"]
[Round "1"]
[White "Lisi, Sebastiano"]
[Black "Melissa, Raffaello"]
[Result "1-0"]
[WhiteElo "1964"]
[BlackElo "1616"]
[PlyCount "111"]
[EventDate "2009.05.30"]

1. e4 e5 2. Nf3 Nc6 3. Bb5 a6 4. Ba4 Nf6 5. O-O Be7 6. Re1 b5 7. Bb3 O-O 8. d4
d6 9. c3 Bb7 10. Nbd2 Na5 11. Bc2 c5 12. d5 Bc8 13. Nf1 Nc4 14. b3 Nb6 15. Ng3
Re8 16. h3 Bf8 17. Nh4 Nfxd5 18. Nhf5 Nxc3 19. Qg4 Re6 20. Bg5 Qc7 21. Nh5 Rg6
22. Qh4 f6 23. Bxf6 gxf6 24. Nxf6+ Rxf6 25. Qxf6 Bxf5 26. Qxf5 Qf7 27. Qg4+ Kh8
28. Re3 b4 29. Bd3 Be7 30. Rf3 Qg6 31. Qxg6 hxg6 32. Rf7 Re8 33. a3 Kg8 34. Rf3
a5 35. axb4 axb4 36. Ra6 Bd8 37. Re3 Rf8 38. g3 Kg7 39. Kg2 Rf7 40. Re1 Kf6 41.
Rea1 Ke6 42. f3 Kf6 43. h4 Kg7 44. Ra7 Rxa7 45. Rxa7+ Kf6 46. g4 c4 47. bxc4 b3
48. Ra3 Nba4 49. Rxb3 Bb6 50. Bc2 Bc5 51. Rb7 Ne2 52. Bxa4 Nf4+ 53. Kf1 Nd3 54.
Be8 Nf4 55. g5+ Ke6 56. Bf7# 1-0

[Event "VI Open A"]
[Site "Viterbo ITA"]
[Date "2009.05.30"]
[Round "1"]
[White "Maddaloni, Giovanni"]
[Black "Tomini, Marco"]
[Result "1/2-1/2"]
[WhiteElo "1812"]
[BlackElo "2024"]
[PlyCount "140"]
[EventDate "2009.05.30"]

1. e4 c5 2. Nf3 d6 3. Bb5+ Bd7 4. Bxd7+ Qxd7 5. O-O Nf6 6. Qe2 Nc6 7. c3 e6 8.
d4 cxd4 9. cxd4 Be7 10. Nc3 O-O 11. h3 Rfe8 12. Bf4 Rad8 13. Rad1 a6 14. Rd2 b5
15. a3 Qb7 16. Rfd1 Na5 17. e5 Nd5 18. Qe4 Nxf4 19. Qxf4 Nc4 20. Re2 dxe5 21.
dxe5 Rxd1+ 22. Nxd1 Qc7 23. Rc2 Qd7 24. Nc3 Qd3 25. Ne1 Qg6 26. Qe4 Qxe4 27.
Nxe4 Nxe5 28. Rc7 f5 29. Nc3 Bg5 30. Ra7 Bd2 31. Nc2 Bxc3 32. bxc3 Rc8 33. Rxa6
Rxc3 34. Nd4 Rc1+ 35. Kh2 Nd3 36. Nxb5 Nxf2 37. Kg3 Ne4+ 38. Kf3 e5 39. g4 g6
40. gxf5 gxf5 41. h4 Rh1 42. a4 Rxh4 43. a5 Rh3+ 44. Kg2 Rg3+ 45. Kf1 Rb3 46.
Nc7 Ra3 47. Ra8+ Kf7 48. a6 Nd6 49. Rh8 Kg7 50. Rd8 Nc4 51. Rd7+ Kg6 52. Re7
Ra5 53. Re6+ Kg5 54. Rc6 Ne3+ 55. Ke2 f4 56. Rc1 Kf5 57. Rh1 Ra2+ 58. Kd3 e4+
59. Kd4 Nc2+ 60. Kc3 f3 61. Kb3 Ra5 62. Rh5+ Kg4 63. Rxa5 f2 64. a7 Nd4+ 65.
Kc3 Ne2+ 66. Kd2 f1=Q 67. a8=Q Qf4+ 68. Kxe2 Qf3+ 69. Ke1 Qe3+ 70. Kd1 Qd3+
1/2-1/2

[Event "VI Open A"]
[Site "Viterbo ITA"]
[Date "2009.05.30"]
[Round "1"]
[White "Maggi, Fabrizio"]
[Black "Vargiu, Antonio"]
[Result "1-0"]
[WhiteElo "2053"]
[BlackElo "1841"]
[PlyCount "59"]
[EventDate "2009.05.30"]

1. c4 e6 2. Nc3 d5 3. d4 c6 4. e4 dxe4 5. Nxe4 Nf6 6. Nc3 Nbd7 7. Nf3 Bd6 8.
Bg5 O-O 9. Bd3 e5 10. d5 Nc5 11. O-O Bg4 12. h3 Bh5 13. Re1 Re8 14. Ne4 cxd5
15. cxd5 Nxd3 16. Qxd3 Rc8 17. Qb3 Rc7 18. Rac1 Rxc1 19. Rxc1 Bg6 20. Bxf6 gxf6
21. Nxd6 Qxd6 22. Qxb7 e4 23. Nd4 e3 24. fxe3 Qg3 25. Nf3 Bf5 26. Qc7 Qg7 27.
Kf2 h6 28. Qf4 Be4 29. d6 Kh7 30. d7 1-0

[Event "VI Open A"]
[Site "Viterbo ITA"]
[Date "2009.05.30"]
[Round "1"]
[White "Marini, Riccardo"]
[Black "Benincasa, Marco"]
[Result "1/2-1/2"]
[WhiteElo "1703"]
[BlackElo "1981"]
[PlyCount "113"]
[EventDate "2009.05.30"]

1. d4 Nf6 2. Nf3 c5 3. e3 g6 4. Nbd2 Bg7 5. Be2 O-O 6. O-O b6 7. c3 Bb7 8. b4
Nd5 9. Qb3 Qc7 10. Ba3 d6 11. Rfc1 Nd7 12. Rab1 Rab8 13. Bc4 N5f6 14. Ng5 d5
15. Be2 c4 16. Qd1 b5 17. Bb2 Rfe8 18. a4 a6 19. axb5 axb5 20. Ra1 Nb6 21. Ra7
Ra8 22. Rxa8 Rxa8 23. Ra1 Na4 24. Qb1 Nd7 25. Ngf3 Ndb6 26. Bd1 Bc8 27. Qc1 Bf5
28. Bc2 Bxc2 29. Qxc2 h6 30. Bc1 Ra6 31. e4 dxe4 32. Nxe4 Nd5 33. Bb2 e5 34.
Nc5 Nxc5 35. bxc5 Rxa1+ 36. Bxa1 Qa5 37. Bb2 exd4 38. cxd4 c3 39. Bc1 Qa1 40.
g3 Nb4 41. Qd1 Na2 42. c6 Nxc1 43. Kg2 Qa8 44. d5 Bf6 45. Qxc1 b4 46. Qxh6 Qd8
47. Qf4 g5 48. Qxb4 Qxd5 49. Qb8+ Kg7 50. c7 Be5 51. c8=Q Bxb8 52. Qxc3+ f6 53.
Qb2 Bd6 54. h3 Bc5 55. Qc3 Kg6 56. Qc2+ f5 57. g4 1/2-1/2

[Event "VI Open A"]
[Site "Viterbo ITA"]
[Date "2009.05.30"]
[Round "1"]
[White "Perogio, Lorenzo"]
[Black "Passerotti, Pierluigi"]
[Result "0-1"]
[WhiteElo "1876"]
[BlackElo "2301"]
[PlyCount "167"]
[EventDate "2009.05.30"]

1. e4 e5 2. d4 exd4 3. Qxd4 Nc6 4. Qe3 Nf6 5. Nc3 Bb4 6. Bd2 O-O 7. O-O-O Re8
8. Bc4 d6 9. Nh3 Ne5 10. Bb3 Be6 11. Bxe6 Rxe6 12. Ng5 Re7 13. Qe2 Ned7 14. f3
a6 15. h4 b5 16. Qf2 Nb6 17. b3 Bc5 18. Be3 Bxe3+ 19. Qxe3 Qe8 20. Rde1 a5 21.
g4 a4 22. Kb2 b4 23. Ne2 axb3 24. axb3 Ra3 25. Qd4 Qc6 26. Qxb4 Ra2+ 27. Kxa2
Qxc2+ 28. Ka3 Re8 29. Nc3 Ra8+ 30. Na4 Nxa4 31. bxa4 h6 32. Nh3 c5 33. Qb3 Qd2
34. Rd1 Qa5 35. Rxd6 Rc8 36. Rc1 Qc7 37. Rb6 c4 38. Qb4 c3 39. Rc2 Qg3 40. Nf2
Qxf3 41. Rb8 Rxb8 42. Qxb8+ Kh7 43. Qb3 Nxg4 44. Nxg4 Qxg4 45. Qxf7 Qxe4 46.
Rxc3 Qe5 47. Qc7 Qe1 48. Qc4 Qd1 49. Kb4 Qb1+ 50. Rb3 Qe1+ 51. Kb5 Qe8+ 52. Qc6
Qb8+ 53. Qb6 Qe8+ 54. Ka5 Qa8+ 55. Qa6 Qd8+ 56. Rb6 Qd2+ 57. Rb4 Qd5+ 58. Qb5
Qd8+ 59. Ka6 Qa8+ 60. Kb6 Qb8+ 61. Kc5 Qe5+ 62. Kc4 Qe4+ 63. Kc3 Qe1+ 64. Kd4
Qf2+ 65. Kd3 Qg3+ 66. Kd2 Qf2+ 67. Qe2 Qf8 68. Qe4+ Kh8 69. Ke2 Qd6 70. Qf4
Qa6+ 71. Kf3 Qc6+ 72. Re4 Qd5 73. Qb8+ Kh7 74. Qb1 Kh8 75. a5 Qf5+ 76. Ke3 Qh3+
77. Kd2 Qh2+ 78. Re2 Qf4+ 79. Kd1 Qf1+ 80. Kc2 Qxe2+ 81. Kb3 Qb5+ 82. Kc2 Qxa5
83. Qb8+ Kh7 84. Qd8 0-1

[Event "VI Open A"]
[Site "Viterbo ITA"]
[Date "2009.05.30"]
[Round "1"]
[White "Pescatore, Lorenzo"]
[Black "Buratti, Marco"]
[Result "1/2-1/2"]
[WhiteElo "1832"]
[BlackElo "2037"]
[PlyCount "61"]
[EventDate "2009.05.30"]

1. e4 e5 2. Nf3 Nc6 3. d4 exd4 4. Bc4 Nf6 5. O-O Bc5 6. e5 d5 7. exf6 dxc4 8.
Re1+ Kf8 9. Bg5 gxf6 10. Bh6+ Kg8 11. Nc3 Be6 12. Ne4 Be7 13. Qd2 Qd5 14. Rad1
Rd8 15. Qf4 Qf5 16. Qg3+ Qg6 17. Qf4 f5 18. Neg5 Qxh6 19. Nxe6 Qxf4 20. Nxf4
Kf8 21. Ne2 Bf6 22. Ng3 Rd5 23. Re2 h5 24. Red2 Ke7 25. Ne2 Rhd8 26. Nf4 Ra5
27. Nxh5 Rxa2 28. Re2+ Kf8 29. Nxf6 Rxb2 30. Kf1 a5 31. Red2 1/2-1/2

[Event "VI Open A"]
[Site "Viterbo ITA"]
[Date "2009.05.30"]
[Round "1"]
[White "Pompili, Ugo"]
[Black "De Blasio, Alessandro"]
[Result "1-0"]
[WhiteElo "1843"]
[BlackElo "2057"]
[PlyCount "45"]
[EventDate "2009.05.30"]

1. d4 d5 2. e3 Nf6 3. f4 c5 4. Nf3 Qb6 5. c3 Nc6 6. Bd3 cxd4 7. exd4 Bg4 8. h3
Bxf3 9. Qxf3 e6 10. O-O Bd6 11. Nd2 O-O-O 12. Kh1 Kb8 13. b4 Rc8 14. Bb2 Qd8
15. a4 h5 16. Kg1 h4 17. Nb3 Nh5 18. Bc1 Ng3 19. Re1 Ne7 20. Bd2 Nef5 21. a5
Qf6 22. Nc5 Nh5 23. Nd7+ 1-0